<?xml version="1.0" encoding="UTF-8"?>
<record
    xmlns:xsi="http://www.w3.org/2001/XMLSchema-instance"
    xsi:schemaLocation="http://www.loc.gov/MARC21/slim http://www.loc.gov/standards/marcxml/schema/MARC21slim.xsd"
    xmlns="http://www.loc.gov/MARC21/slim">

  <leader>01279nam0a22002771  4500</leader>
  <controlfield tag="001">rc\2862683</controlfield>
  <controlfield tag="005">20250529210802.0</controlfield>
  <datafield tag="035" ind1=" " ind2=" ">
    <subfield code="a">(NLR Aleph) 007016731</subfield>
  </datafield>
  <datafield tag="090" ind1=" " ind2=" ">
    <subfield code="a">5869264</subfield>
    <subfield code="c">5869264</subfield>
  </datafield>
  <datafield tag="100" ind1=" " ind2=" ">
    <subfield code="a">20110711d1928    |||y0rusy50      ca</subfield>
  </datafield>
  <datafield tag="101" ind1="1" ind2=" ">
    <subfield code="a">rus</subfield>
    <subfield code="c">ger</subfield>
  </datafield>
  <datafield tag="102" ind1=" " ind2=" ">
    <subfield code="a">RU</subfield>
  </datafield>
  <datafield tag="105" ind1=" " ind2=" ">
    <subfield code="a">a   z   |||||</subfield>
  </datafield>
  <datafield tag="200" ind1="1" ind2=" ">
    <subfield code="a">&#x411;&#x43E;&#x435;&#x432;&#x43E;&#x435; &#x43F;&#x440;&#x438;&#x43C;&#x435;&#x43D;&#x435;&#x43D;&#x438;&#x435; &#x442;&#x430;&#x43D;&#x43A;&#x43E;&#x432; &#x438; &#x431;&#x43E;&#x440;&#x44C;&#x431;&#x430; &#x441; &#x43D;&#x438;&#x43C;&#x438;</subfield>
    <subfield code="e">&#x421; 27 &#x440;&#x438;&#x441;. &#x438; 89 &#x447;&#x435;&#x440;&#x442;. &#x43D;&#x430; 9 &#x442;&#x430;&#x431;&#x43B;.</subfield>
    <subfield code="f">&#x424;. &#x425;&#x435;&#x439;&#x433;&#x43B;&#x44C;</subfield>
    <subfield code="g">&#x41F;&#x435;&#x440;. &#x441; &#x43D;&#x435;&#x43C;. &#x410;. &#x422;&#x430;&#x443;&#x431;&#x435;</subfield>
    <subfield code="g">&#x41F;&#x43E;&#x434; &#x440;&#x435;&#x434;. &#x421;. &#x414;&#x435;&#x440;&#x435;&#x432;&#x446;&#x43E;&#x432;&#x430;</subfield>
  </datafield>
  <datafield tag="210" ind1=" " ind2=" ">
    <subfield code="a">&#x41C;&#x43E;&#x441;&#x43A;&#x432;&#x430;</subfield>
    <subfield code="a">&#x41B;&#x435;&#x43D;&#x438;&#x43D;&#x433;&#x440;&#x430;&#x434;</subfield>
    <subfield code="c">&#x413;&#x43E;&#x441;. &#x438;&#x437;&#x434;-&#x432;&#x43E;. &#x41E;&#x442;&#x434;. &#x432;&#x43E;&#x435;&#x43D;. &#x43B;&#x438;&#x442;.</subfield>
    <subfield code="d">1928</subfield>
    <subfield code="e">[&#x41B;&#x435;&#x43D;&#x438;&#x43D;&#x433;&#x440;&#x430;&#x434;]</subfield>
    <subfield code="g">&#x422;&#x438;&#x43F;. "&#x41F;&#x435;&#x447;&#x430;&#x442;&#x43D;&#x44B;&#x439; &#x434;&#x432;&#x43E;&#x440;"</subfield>
  </datafield>
  <datafield tag="215" ind1=" " ind2=" ">
    <subfield code="a">196 &#x441;.</subfield>
    <subfield code="c">&#x438;&#x43B;., &#x447;&#x435;&#x440;&#x442;., &#x441;&#x445;&#x435;&#x43C;.</subfield>
    <subfield code="d">20&#x445;14 &#x441;&#x43C;</subfield>
  </datafield>
  <datafield tag="225" ind1="1" ind2=" ">
    <subfield code="a">&#x411;&#x438;&#x431;&#x43B;&#x438;&#x43E;&#x442;&#x435;&#x43A;&#x430; &#x418;&#x43D;&#x43E;&#x441;&#x442;&#x440;&#x430;&#x43D;&#x43D;&#x43E;&#x439; &#x412;&#x43E;&#x435;&#x43D;&#x43D;&#x43E;&#x439; &#x41B;&#x438;&#x442;&#x435;&#x440;&#x430;&#x442;&#x443;&#x440;&#x44B;</subfield>
  </datafield>
  <datafield tag="300" ind1=" " ind2=" ">
    <subfield code="a">&#x41D;&#x430; &#x43E;&#x431;&#x43E;&#x440;&#x43E;&#x442;&#x435; &#x442;&#x438;&#x442;. &#x43B;.: "&#x418;&#x437;&#x432;&#x43B;&#x435;&#x447;&#x435;&#x43D;&#x438;&#x435; &#x438;&#x437; &#x43A;&#x43D;&#x438;&#x433;&#x438; "Taschenbuch der tancs. Von Ingenieur Fritz Heigl. M&#xFC;nchen 1927. III. hauptteil: Moderne tanctaktik"</subfield>
  </datafield>
  <datafield tag="700" ind1=" " ind2="1">
    <subfield code="a">&#x425;&#x435;&#x439;&#x433;&#x43B;&#x44C;</subfield>
    <subfield code="b">&#x424;.</subfield>
    <subfield code="g">&#x424;&#x440;&#x438;&#x446;</subfield>
  </datafield>
  <datafield tag="702" ind1=" " ind2="1">
    <subfield code="a">&#x422;&#x430;&#x443;&#x431;&#x435;</subfield>
    <subfield code="b">&#x410;.</subfield>
    <subfield code="4">730</subfield>
  </datafield>
  <datafield tag="702" ind1=" " ind2="1">
    <subfield code="a">&#x414;&#x435;&#x440;&#x435;&#x432;&#x446;&#x43E;&#x432;</subfield>
    <subfield code="b">&#x421;.</subfield>
    <subfield code="4">340</subfield>
  </datafield>
  <datafield tag="801" ind1=" " ind2="0">
    <subfield code="a">RU</subfield>
    <subfield code="b">NLR</subfield>
    <subfield code="g">psbo</subfield>
  </datafield>
  <datafield tag="801" ind1=" " ind2="1">
    <subfield code="a">RU</subfield>
    <subfield code="b">ELAR</subfield>
    <subfield code="2">rusmarc</subfield>
  </datafield>
  <datafield tag="852" ind1=" " ind2=" ">
    <subfield code="a">NLR</subfield>
    <subfield code="j">46/504</subfield>
  </datafield>
  <datafield tag="942" ind1=" " ind2=" ">
    <subfield code="c">BOOK</subfield>
  </datafield>
  <datafield tag="980" ind1=" " ind2=" ">
    <subfield code="a">NB</subfield>
  </datafield>
  <datafield tag="995" ind1=" " ind2=" ">
    <subfield code="5">2013-10-26</subfield>
    <subfield code="b">NLR02</subfield>
    <subfield code="c">NLR02</subfield>
    <subfield code="e">RFS</subfield>
    <subfield code="f">7016731-10</subfield>
    <subfield code="k">46/504</subfield>
    <subfield code="o">0</subfield>
    <subfield code="r">BOOK</subfield>
    <subfield code="s">46504_</subfield>
  </datafield>
</record>
